01050nam a2200277 i 450000100060000000300090000600500170001500700030003200800410003502000180007608000250009410000360011924501170015526000520027230000300032450000360035450400320039060000510042265500480047370000330052171000380055485200330059294200080062599900170063395201220065088889ES-MaACL20250819063045.0t|041227s2003 sp ||||1| spa d a84-8480-050-4 a75 Tiziano (083.824)0 aTiziano,dca. 1488-1576911035710aTiziano b: 10 de junio-7 de septiembre, 2003, Museo Nacional del Prado / cedición a cargo de Miguel Falomir. a[Madrid] : bMuseo Nacional del Prado, c[2003] a443 p. : bil. ; c30 cm. aTextos en español e inglés. aBibliografía: p. 418-431.04aTiziano,dca. 1488-1576-vExposiciones9110358 72tgfbneaCatálogos de exposiciones91936281 aFalomir Faus, Miguel.9487752 aMuseo Nacional del Prado.9160001 aES-MaACLjE-10730 bR.134928 2udc c88889d88889 00104070aATENEOMbATENEOMcDEPO2d2008-01-17eSCl0oE-10730p1092841r2023-02-23 00:00:00w2023-02-23yMONOGRAFIA